| Tag |
First Indicator |
Second Indicator |
Subfields |
| LEADER |
00000pam a2200000 a 4500 |
| 001 |
in00000070702 |
| 005 |
20151008061851.0 |
| 008 |
780411s1978 caua j 00011bengm |
| 010 |
|
|
|a 78006433
|
| 020 |
|
|
|a 091639218X (lib. bdg.) :
|c $5.95
|
| 035 |
|
|
|a (OCoLC)04558726
|
| 035 |
|
|
|9 AAJ9015AM
|
| 040 |
|
|
|a DLC
|c DLC
|d m.c.
|d TXA
|d UtOrBLW
|
| 043 |
|
|
|a e-pl---
|
| 049 |
|
|
|a [Curr Col] TXAM
|c [932514]
|
| 050 |
0 |
0 |
|a QD22.C8
|b J6
|
| 082 |
0 |
|
|a 530/.092/4
|a B
|a 92
|
| 100 |
1 |
|
|a Johnson, Ann Donegan.
|
| 245 |
1 |
4 |
|a The value of learning :
|b the story of Marie Curie /
|c by Ann Donegan Johnson ; illustrated by Pileggi.
|
| 250 |
|
|
|a 1st ed.
|
| 264 |
|
1 |
|a La Jolla, Calif. :
|b Value Communications,
|c [1978]
|
| 264 |
|
4 |
|c ©1978
|
| 300 |
|
|
|a 63 pages :
|b color illustrations ;
|c 29 cm.
|
| 336 |
|
|
|a text
|b txt
|2 rdacontent
|
| 337 |
|
|
|a unmediated
|b n
|2 rdamedia
|
| 338 |
|
|
|a volume
|b nc
|2 rdacarrier
|
| 490 |
1 |
|
|a A Value Tale
|
| 520 |
|
|
|a A brief biography emphasizing the importance of learning in the life of the scientist who was awarded the Nobel prize for her work in chemistry.
|
| 600 |
1 |
0 |
|a Curie, Marie,
|d 1867-1934
|x Juvenile literature.
|
| 600 |
1 |
1 |
|a Curie, Marie,
|d 1867-1934.
|
| 650 |
|
0 |
|a Chemists
|z Poland
|v Biography
|v Juvenile literature.
|
| 650 |
|
1 |
|a Chemists.
|
| 650 |
|
1 |
|a Learning
|x Psychology.
|
| 700 |
1 |
|
|a Pileggi, Steve.
|
| 830 |
|
0 |
|a ValueTales.
|
| 999 |
|
|
|a MARS
|
| 999 |
f |
f |
|s 6170fd4b-b058-36fe-bb7e-026d782ed59e
|i c0c657fc-b3a9-3699-b9e8-2b04bd3322bf
|t 0
|
| 952 |
f |
f |
|p normal
|a Texas A&M University
|b College Station
|c Sterling C. Evans Library
|d Evans: Curriculum Collection (4th floor)
|t 0
|e QD22.C8 J6
|h Library of Congress classification
|i unmediated -- volume
|m A14806055709
|
| 998 |
f |
f |
|a QD22.C8 J6
|t 0
|l Evans: Curriculum Collection (4th floor)
|